[Event "Ontario op U1600"]
[Site "Toronto CAN"]
[Date "2010.05.23"]
[Round "4"]
[White "Li, Qiuang"]
[Black "Karpik, Steve"]
[Result "1-0"]
[WhiteElo "1539"]
[BlackElo "1494"]
[PlyCount "133"]
[EventDate "2010.05.22"]
[EventType "swiss"]
[EventRounds "6"]
[EventCountry "CAN"]

1. d4 d6 2. c4 Nf6 3. Nc3 g6 4. Bf4 Bg7 5. e3 Nbd7 6. Bd3 c5 7. Nge2 a6 8. O-O
O-O 9. Rb1 Rb8 10. b4 cxb4 11. Rxb4 Nh5 12. h3 Nxf4 13. Nxf4 e5 14. dxe5 Nxe5
15. Be2 Nc6 16. Rb3 Na5 17. Ra3 Re8 18. Ncd5 Bd7 19. Qd2 Nc6 20. Rb3 Ne5 21.
Rfb1 Bc6 22. Nb4 Ba4 23. Ra3 Qd7 24. Nfd5 Bc6 25. Rab3 Bxd5 26. Nxd5 Qc6 27.
Nb6 Red8 28. f4 Nd7 29. Bf3 Qc5 30. Nxd7 Rxd7 31. Bxb7 Qxc4 32. Bd5 Rxb3 33.
axb3 Qc5 34. Rc1 Qa3 35. Rc6 Qa1+ 36. Kf2 a5 37. Rc1 Qa3 38. Rc8+ Bf8 39. Ra8
Qb4 40. Qxb4 axb4 41. Rb8 Kg7 42. Rxb4 Be7 43. Ke2 Rc7 44. Kd3 Bf6 45. Rb7 Bd8
46. e4 f5 47. g4 fxe4+ 48. Bxe4 h6 49. b4 Kf6 50. Rb8 Be7 51. Rg8 g5 52. Rg6+
Kf7 53. f5 Bf6 54. Bd5+ Ke7 55. Rxh6 Rc3+ 56. Kd2 Ra3 57. b5 Bc3+ 58. Ke2 Bd4
59. Re6+ Kf8 60. Rxd6 Rxh3 61. b6 Re3+ 62. Kd2 Re5 63. b7 Ba7 64. Bc6 Ke7 65.
Rd7+ Kf6 66. Rd8 Be3+ 67. Kd3 1-0

[Event "Ontario op U1600"]
[Site "Toronto CAN"]
[Date "2010.05.24"]
[Round "5"]
[White "Maguire, Jack"]
[Black "Aghamalian, Derick"]
[Result "1-0"]
[WhiteElo "1518"]
[BlackElo "1328"]
[PlyCount "105"]
[EventDate "2010.05.22"]
[EventType "swiss"]
[EventRounds "6"]
[EventCountry "CAN"]

1. d4 d5 2. e4 e6 3. Be3 Nd7 4. e5 c5 5. c3 b6 6. f4 Be7 7. Nf3 Bb7 8. Nbd2 Nh6
9. Bd3 Ng4 10. Qe2 c4 11. Bc2 b5 12. O-O f5 13. exf6 Ndxf6 14. Ne5 Nxe3 15.
Qxe3 O-O 16. Qh3 Qd6 17. f5 Bc8 18. fxe6 Qxe6 19. Bf5 Qd6 20. Rf3 Bxf5 21. Rxf5
Ne4 22. Nxe4 dxe4 23. Rh5 Qf6 24. Qe3 Qf4 25. Qxf4 Rxf4 26. Rf1 Raf8 27. Rxf4
Rxf4 28. g3 Rf6 29. Rh4 Ra6 30. a3 Bxh4 31. gxh4 Rh6 32. d5 Rd6 33. Nc6 Kf8 34.
Kf2 Rxd5 35. Nxa7 Rd3 36. Nxb5 Rd2+ 37. Ke3 Rxb2 38. Nd6 Rb3 39. Kxe4 Rxa3 40.
Kd4 Ke7 41. Nxc4 Ra4 42. Kd5 Kf6 43. Nd6 Rxh4 44. c4 Rxh2 45. c5 g5 46. c6 g4
47. c7 Rc2 48. Nc4 g3 49. c8=Q g2 50. Qf8+ Kg5 51. Qg7+ Kf4 52. Qf6+ Kg3 53.
Qg5+ 1-0

[Event "Ontario op U1600"]
[Site "Toronto CAN"]
[Date "2010.05.24"]
[Round "6"]
[White "Karpik, Steve"]
[Black "Michelasvili, Sandro"]
[Result "1/2-1/2"]
[WhiteElo "1494"]
[BlackElo "1284"]
[PlyCount "44"]
[EventDate "2010.05.22"]
[EventType "swiss"]
[EventRounds "6"]
[EventCountry "CAN"]

1. Nf3 d5 2. c4 e6 3. g3 Nf6 4. Bg2 Be7 5. O-O O-O 6. cxd5 exd5 7. d4 Bf5 8.
Nc3 Nc6 9. a3 Ne4 10. e3 Re8 11. Nxe4 Bxe4 12. Nd2 Bxg2 13. Kxg2 Bd6 14. Qb3
Qg5 15. Qc3 Rab8 16. b4 a6 17. Re1 Qf6 18. Bb2 Qg6 19. Re2 Re7 20. Rae1 Rbe8
21. Qb3 Qf5 22. Qd1 Na7 1/2-1/2

[Event "Ontario op U1600"]
[Site "Toronto CAN"]
[Date "2010.05.24"]
[Round "6"]
[White "Lee, Jeffrey"]
[Black "Tismenko, Dennis"]
[Result "0-1"]
[WhiteElo "1386"]
[BlackElo "1286"]
[PlyCount "88"]
[EventDate "2010.05.22"]
[EventType "swiss"]
[EventRounds "6"]
[EventCountry "CAN"]

1. e4 e5 2. Nf3 Nc6 3. Bc4 Bc5 4. c3 Nf6 5. d4 exd4 6. cxd4 Bb4+ 7. Nc3 Nxe4 8.
O-O Bxc3 9. bxc3 d5 10. Bd3 O-O 11. Qc2 Nf6 12. Ng5 g6 13. Ba3 Re8 14. Rfe1 Bd7
15. c4 Bf5 16. cxd5 Qxd5 17. Bxf5 Nxd4 18. Qc3 Qxf5 19. Qxd4 Qxg5 20. Bb2 Kg7
21. Re5 Rxe5 22. Qxe5 Qxe5 23. Bxe5 c5 24. g4 g5 25. h4 h6 26. f4 Re8 27. Bc3
Re3 28. Be5 Rg3+ 29. Kf2 Rxg4 30. hxg5 hxg5 31. f5 c4 32. a4 Re4 33. Bb8 c3 34.
Bxa7 Rc4 35. Kf3 Nd5 36. Be3 Nxe3 37. Kxe3 c2 38. Kd2 g4 39. a5 c1=Q+ 40. Rxc1
Rxc1 41. Kxc1 g3 42. Kd2 g2 43. f6+ Kxf6 44. a6 bxa6 0-1

[Event "Ontario op U2000"]
[Site "Toronto CAN"]
[Date "2010.05.22"]
[Round "1"]
[White "Agbabishvili, Lali"]
[Black "Piccinin, Mario"]
[Result "1-0"]
[WhiteElo "1627"]
[BlackElo "1806"]
[PlyCount "55"]
[EventDate "2010.05.22"]
[EventType "swiss"]
[EventRounds "6"]
[EventCountry "CAN"]

1. c4 f5 2. Nf3 e6 3. g3 Nf6 4. Bg2 d5 5. cxd5 exd5 6. d4 Bd6 7. Nc3 c6 8. a3
Qe7 9. b4 Nbd7 10. b5 Ne4 11. Nxe4 fxe4 12. bxc6 bxc6 13. Nd2 Nf6 14. Qc2 Bd7
15. Nb3 O-O 16. O-O Ng4 17. Nc5 Nxh2 18. Nxd7 Nxf1 19. Nxf8 Nxg3 20. fxg3 Bxg3
21. Qxc6 Qf7 22. Be3 Rxf8 23. Rf1 Qe7 24. Qxd5+ Kh8 25. Rxf8+ Qxf8 26. Bxe4 Qe8
27. Qa8 Bb8 28. Bf4 1-0

[Event "Ontario op U2000"]
[Site "Toronto CAN"]
[Date "2010.05.22"]
[Round "1"]
[White "Peristy, Luke"]
[Black "Beal, Greg"]
[Result "1/2-1/2"]
[WhiteElo "1602"]
[BlackElo "1767"]
[PlyCount "51"]
[EventDate "2010.05.22"]
[EventType "swiss"]
[EventRounds "6"]
[EventCountry "CAN"]

1. c4 e6 2. d4 d5 3. Nf3 Nf6 4. Nc3 Nbd7 5. Bg5 c6 6. a3 Be7 7. e3 O-O 8. Bd3
dxc4 9. Bxc4 Nd5 10. Bxe7 Qxe7 11. Nxd5 exd5 12. Bd3 Nf6 13. h3 Ne4 14. O-O Bf5
15. Qc2 Bg6 16. Ne5 Qh4 17. Nxg6 hxg6 18. Bxe4 dxe4 19. Rac1 Rad8 20. Kh2 Rfe8
21. g3 Qf6 22. Qb3 Re7 23. Qa4 a6 24. Rc5 Qf3 25. Kg1 Red7 26. Qd1 1/2-1/2

[Event "Ontario op U2000"]
[Site "Toronto CAN"]
[Date "2010.05.22"]
[Round "2"]
[White "Bansal, Sarthak"]
[Black "Song, Terry"]
[Result "0-1"]
[WhiteElo "1752"]
[BlackElo "1864"]
[PlyCount "56"]
[EventDate "2010.05.22"]
[EventType "swiss"]
[EventRounds "6"]
[EventCountry "CAN"]

1. e4 e6 2. d4 d5 3. Nd2 Nf6 4. e5 Nfd7 5. f4 c5 6. c3 Nc6 7. Ndf3 Qb6 8. a3
Be7 9. h4 O-O 10. Bd3 cxd4 11. cxd4 f5 12. Bc2 Na5 13. Ne2 Nb8 14. Qd3 Bd7 15.
a4 Nbc6 16. Qd1 Rac8 17. Nc3 Nb4 18. Rb1 Nxc2+ 19. Qxc2 Nb3 20. Qf2 Bb4 21. Bd2
Bxc3 22. bxc3 Bxa4 23. h5 Qa6 24. h6 g6 25. Nh4 Qd3 26. Rh3 Qxb1+ 27. Ke2 Bb5+
28. Ke3 Qd3# 0-1

[Event "Ontario op U2000"]
[Site "Toronto CAN"]
[Date "2010.05.22"]
[Round "2"]
[White "Chernik, Dmitry"]
[Black "Farrant-Diaz, Nathan"]
[Result "1-0"]
[WhiteElo "1839"]
[BlackElo "1698"]
[PlyCount "84"]
[EventDate "2010.05.22"]
[EventType "swiss"]
[EventRounds "6"]
[EventCountry "CAN"]

1. e4 b6 2. d4 Bb7 3. Nc3 e6 4. Nf3 Bb4 5. Bd3 Nf6 6. Qe2 d5 7. e5 Ne4 8. Bd2
Bxc3 9. bxc3 c5 10. O-O Nxd2 11. Bb5+ Nc6 12. Nxd2 c4 13. Qg4 Rg8 14. Qf3 Qd7
15. Rfb1 Rb8 16. a4 a6 17. Bxc6 Bxc6 18. a5 b5 19. Qh5 h6 20. f4 Qe7 21. h3 Rh8
22. f5 Bd7 23. Qg4 Qg5 24. Qxg5 hxg5 25. f6 g6 26. Nf3 g4 27. hxg4 Bc6 28. Kf2
Kd7 29. Ng5 Rbf8 30. Rh1 Rxh1 31. Rxh1 Kd8 32. Rh7 Be8 33. Ke1 Kd7 34. Kd2 Kc6
35. g3 b4 36. cxb4 Kb5 37. c3 Ka4 38. Kc2 Kb5 39. Kb2 Ka4 40. Ka2 Rg8 41. Nh3
Rf8 42. Nf2 Bd7 1-0

[Event "Ontario op U2000"]
[Site "Toronto CAN"]
[Date "2010.05.22"]
[Round "2"]
[White "Zator, Ed"]
[Black "Agbabishvili, Lali"]
[Result "0-1"]
[WhiteElo "1860"]
[BlackElo "1627"]
[PlyCount "66"]
[EventDate "2010.05.22"]
[EventType "swiss"]
[EventRounds "6"]
[EventCountry "CAN"]

1. e4 d6 2. d4 Nf6 3. Nc3 g6 4. f3 Bg7 5. Be3 c6 6. Qd2 b5 7. O-O-O b4 8. Nce2
a5 9. Kb1 Nbd7 10. g4 Nb6 11. Nc1 Ba6 12. Bh6 Bxh6 13. Qxh6 Bxf1 14. Rxf1 Nc4
15. h4 a4 16. b3 Na3+ 17. Kb2 Nb5 18. Nge2 Qb6 19. Qd2 axb3 20. cxb3 c5 21. g5
Nh5 22. d5 Qa5 23. Qd3 O-O 24. f4 Rfc8 25. Rh3 Na3 26. Qf3 c4 27. Nd4 Qa7 28.
Qe3 cxb3 29. Nc6 Nc4+ 30. Kxb3 Qxe3+ 31. Rxe3 Nxe3 32. Re1 Kf8 33. Rxe3 Ra3+
0-1

[Event "Ontario op U2000"]
[Site "Toronto CAN"]
[Date "2010.05.22"]
[Round "2"]
[White "Zhou, Kevin"]
[Black "Twesigye, Derick"]
[Result "0-1"]
[WhiteElo "1878"]
[BlackElo "1728"]
[PlyCount "88"]
[EventDate "2010.05.22"]
[EventType "swiss"]
[EventRounds "6"]
[EventCountry "CAN"]

1. e4 c5 2. Nf3 Nc6 3. d4 cxd4 4. Nxd4 e5 5. Nb5 d6 6. N1c3 a6 7. Na3 b5 8. Nd5
Nce7 9. Nxe7 Bxe7 10. c4 bxc4 11. Nxc4 Nf6 12. f3 O-O 13. Ne3 Be6 14. Bc4 Rc8
15. b3 Qa5+ 16. Qd2 Qb6 17. Qf2 Rfd8 18. O-O d5 19. exd5 Bxd5 20. Nxd5 Qxf2+
21. Kxf2 Nxd5 22. Bxa6 Rc2+ 23. Kg1 Nb4 24. Bc4 Bc5+ 25. Kh1 Bd4 26. Bg5 Re8
27. Rac1 Rxa2 28. Rfd1 h6 29. Bd2 Nc2 30. Bd3 Ne3 31. Bxe3 Bxe3 32. Rb1 Rd2 33.
Rxd2 Bxd2 34. Kg1 Rd8 35. Be2 Be3+ 36. Kf1 Rd2 37. Rd1 Rb2 38. Rd3 Bd4 39. f4
f6 40. fxe5 fxe5 41. Bf3 g5 42. h3 Kg7 43. Bd5 Kg6 44. Ke1 h5 0-1

[Event "Ontario op U2000"]
[Site "Toronto CAN"]
[Date "2010.05.23"]
[Round "3"]
[White "Agbabishvili, Lali"]
[Black "Hahnewald, Uwe"]
[Result "1/2-1/2"]
[WhiteElo "1627"]
[BlackElo "1871"]
[PlyCount "71"]
[EventDate "2010.05.22"]
[EventType "swiss"]
[EventRounds "6"]
[EventCountry "CAN"]

1. c4 e6 2. d4 Nf6 3. g3 d5 4. Bg2 c6 5. cxd5 exd5 6. Nf3 Bd6 7. O-O Nbd7 8.
Nc3 O-O 9. Qc2 Re8 10. Bg5 h6 11. Bxf6 Nxf6 12. Nd2 Bf8 13. Rfe1 g6 14. a3 a5
15. Rad1 Bf5 16. e4 dxe4 17. Ndxe4 Nxe4 18. Bxe4 Bxe4 19. Rxe4 Rxe4 20. Qxe4
Qd7 21. d5 Re8 22. Qa4 Qc7 23. dxc6 bxc6 24. Nd5 Qe5 25. Qxc6 Bg7 26. Nc3 Rb8
27. a4 Rxb2 28. Rd8+ Kh7 29. Ne4 Rb8 30. Rxb8 Qxb8 31. Nf6+ Kh8 32. Kg2 Qd8 33.
Ne4 Kg8 34. Nc5 Bd4 35. Ne4 Kf8 36. h3 1/2-1/2

[Event "Ontario op U2000"]
[Site "Toronto CAN"]
[Date "2010.05.23"]
[Round "3"]
[White "Finlay, Ian"]
[Black "Chernik, Dmitry"]
[Result "1-0"]
[WhiteElo "1931"]
[BlackElo "1839"]
[PlyCount "115"]
[EventDate "2010.05.22"]
[EventType "swiss"]
[EventRounds "6"]
[EventCountry "CAN"]

1. e4 c5 2. Nf3 Nc6 3. d4 cxd4 4. Nxd4 Nf6 5. Nc3 d6 6. Bc4 a6 7. Nxc6 bxc6 8.
e5 Ng4 9. e6 Ne5 10. exf7+ Nxf7 11. Bxf7+ Kxf7 12. Qf3+ Kg8 13. Qxc6 Bf5 14.
O-O e6 15. Re1 Qc8 16. Qa4 Be7 17. Bf4 Kf7 18. Re2 h5 19. Rae1 g5 20. Bd2 Bf6
21. Ne4 Bxe4 22. Qxe4 e5 23. c4 Rb8 24. b3 Qb7 25. Qxb7+ Rxb7 26. Rd1 Ke6 27.
Ba5 Bd8 28. Bc3 Bf6 29. Red2 Rd7 30. Rd5 Re8 31. Bb4 Be7 32. h3 Rb8 33. Ba3 Rc8
34. Kf1 g4 35. hxg4 hxg4 36. Ke2 Rdd8 37. Rh1 Rh8 38. Rxh8 Rxh8 39. Ra5 Ra8 40.
Kd3 Bh4 41. Ke2 Bd8 42. Rd5 Bc7 43. f3 g3 44. Bb4 Rh8 45. Rd2 Rh2 46. Kd1 Rh1+
47. Kc2 Rf1 48. Ba3 Rf2 49. Kd3 Rf1 50. b4 a5 51. b5 Bb6 52. Kc2 Rf2 53. Kc3
Bd4+ 54. Kd3 Rf1 55. Bb2 Bf2 56. Bc3 Rg1 57. Bxa5 Be1 58. Bb6 1-0

[Event "Ontario op U2000"]
[Site "Toronto CAN"]
[Date "2010.05.23"]
[Round "3"]
[White "Gillis, Doug"]
[Black "Beaubien, Robert"]
[Result "1-0"]
[WhiteElo "1663"]
[BlackElo "1732"]
[PlyCount "37"]
[EventDate "2010.05.22"]
[EventType "swiss"]
[EventRounds "6"]
[EventCountry "CAN"]

1. d4 e6 2. e4 d5 3. Nc3 Bb4 4. Qd3 Bd7 5. Qg3 c5 6. Nge2 Nc6 7. a3 cxd4 8.
axb4 dxc3 9. Nxc3 Nxb4 10. Bd3 Nxd3+ 11. cxd3 Bc6 12. O-O dxe4 13. Nxe4 Bxe4
14. dxe4 Qf6 15. Qc7 Qe7 16. Qg3 a6 17. Qxg7 Qf6 18. Bh6 Ke7 19. Bg5 1-0

[Event "Ontario op U2000"]
[Site "Toronto CAN"]
[Date "2010.05.23"]
[Round "3"]
[White "Liu, Jiaxin (Dora)"]
[Black "Zhou, Kevin"]
[Result "0-1"]
[WhiteElo "1440"]
[BlackElo "1878"]
[PlyCount "121"]
[EventDate "2010.05.22"]
[EventType "swiss"]
[EventRounds "6"]
[EventCountry "CAN"]

1. e4 e5 2. Nf3 Nc6 3. Bc4 Bc5 4. O-O Nf6 5. d4 Bxd4 6. Nxd4 Nxd4 7. Bg5 d6 8.
Nd2 Be6 9. f3 c6 10. Kh1 h6 11. Bh4 d5 12. Bd3 Qd6 13. c3 Nb5 14. Bxf6 gxf6 15.
a4 Nc7 16. Qc2 O-O-O 17. Rad1 Bd7 18. Nb3 Qe7 19. Qf2 Kb8 20. Nc5 Ne6 21. b4
Bc8 22. Ra1 d4 23. cxd4 Rxd4 24. Nxe6 Bxe6 25. Be2 Rxb4 26. Rfb1 f5 27. Qe1 a5
28. Qc3 f6 29. Rxb4 Qxb4 30. Qxb4 axb4 31. Rb1 c5 32. a5 fxe4 33. fxe4 b3 34.
Rc1 Rc8 35. h3 c4 36. Bd1 b2 37. Rb1 c3 38. Bc2 Rc5 39. Kh2 Rxa5 40. Kg3 Ra1
41. Kf2 Rxb1 42. Bxb1 Ba2 43. Bc2 b1=Q 44. Bxb1 Bxb1 45. Ke2 Bxe4 46. Kd1 c2+
47. Kc1 b5 48. g3 b4 49. h4 b3 50. Kb2 Bg6 51. Kc1 e4 52. g4 e3 53. h5 Bxh5 54.
gxh5 e2 55. Kd2 c1=Q+ 56. Kxc1 e1=Q+ 57. Kb2 Qe3 58. Kb1 Qd3+ 59. Kb2 Qc2+ 60.
Ka3 b2 61. Kb4 0-1

[Event "Ontario op U2000"]
[Site "Toronto CAN"]
[Date "2010.05.23"]
[Round "4"]
[White "Cale, Ferdinand"]
[Black "Bergeron, Florian"]
[Result "1-0"]
[WhiteElo "1784"]
[BlackElo "1726"]
[PlyCount "34"]
[EventDate "2010.05.22"]
[EventType "swiss"]
[EventRounds "6"]
[EventCountry "CAN"]

1. f4 d5 2. d4 c5 3. c3 e6 4. e3 Nc6 5. Nf3 Nf6 6. Bb5 a6 7. Bxc6+ bxc6 8. O-O
cxd4 9. cxd4 c5 10. Nc3 Bb7 11. Ne5 Bd6 12. Qa4+ Kf8 13. Qd1 Ne4 14. Nxe4 dxe4
15. Qh5 g6 16. Qh6+ Kg8 17. Qh3 Rc8 1-0

[Event "Ontario op U2000"]
[Site "Toronto CAN"]
[Date "2010.05.23"]
[Round "4"]
[White "Chernik, Dmitry"]
[Black "Peristy, Luke"]
[Result "1-0"]
[WhiteElo "1839"]
[BlackElo "1602"]
[PlyCount "75"]
[EventDate "2010.05.22"]
[EventType "swiss"]
[EventRounds "6"]
[EventCountry "CAN"]

1. e4 Nf6 2. e5 Nd5 3. d4 d6 4. Nf3 Bg4 5. Be2 e6 6. O-O Be7 7. c4 Nb6 8. Qc2
N8d7 9. Re1 Rf8 10. Nbd2 Bf5 11. Bd3 Bxd3 12. Qxd3 c5 13. exd6 Bxd6 14. d5 Nf6
15. Ne4 Nxe4 16. Qxe4 Qf6 17. dxe6 fxe6 18. Bg5 Qg6 19. Qxg6+ hxg6 20. Rxe6+
Kd7 21. Rxg6 Nxc4 22. Rd1 Kc7 23. b3 Rad8 24. Bxd8+ Rxd8 25. g3 Ne5 26. Rxg7+
Rd7 27. Rxd7+ Nxd7 28. h4 Nf6 29. Kg2 b5 30. Ng5 Kc6 31. Kf3 c4 32. bxc4 bxc4
33. Ne4 Nxe4 34. Kxe4 Bc5 35. Rc1 Kb5 36. Kd5 Bxf2 37. Rxc4 Bxg3 38. h5 1-0

[Event "Ontario op U2000"]
[Site "Toronto CAN"]
[Date "2010.05.23"]
[Round "4"]
[White "Nicholson, Matthew"]
[Black "Agbabishvili, Lali"]
[Result "1/2-1/2"]
[WhiteElo "1932"]
[BlackElo "1627"]
[PlyCount "41"]
[EventDate "2010.05.22"]
[EventType "swiss"]
[EventRounds "6"]
[EventCountry "CAN"]

1. e4 d6 2. d4 Nf6 3. Nc3 g6 4. Nf3 Bg7 5. h3 c6 6. a4 Qc7 7. Be3 Nbd7 8. Qd2
e5 9. Be2 O-O 10. O-O Re8 11. dxe5 dxe5 12. Bc4 Nf8 13. Rad1 Be6 14. Qe2 h6 15.
Ne1 a6 16. b3 Nh5 17. Bxe6 Nxe6 18. g3 Nd4 19. Qd2 Rad8 20. Qc1 Kh7 21. Kg2
1/2-1/2

[Event "Ontario op U2000"]
[Site "Toronto CAN"]
[Date "2010.05.24"]
[Round "5"]
[White "Bzikot, Robert"]
[Black "Twesigye, Derick"]
[Result "0-1"]
[WhiteElo "1942"]
[BlackElo "1728"]
[PlyCount "87"]
[EventDate "2010.05.22"]
[EventType "swiss"]
[EventRounds "6"]
[EventCountry "CAN"]

1. e4 c5 2. Nf3 Nc6 3. g3 g6 4. Bg2 Bg7 5. d3 e6 6. O-O Nge7 7. c3 d5 8. Qe2
O-O 9. Na3 a6 10. Nc2 b6 11. Nh4 a5 12. Rd1 Ba6 13. Qe1 Ne5 14. Bf1 d4 15. cxd4
cxd4 16. f4 Rc8 17. Qe2 Ng4 18. h3 Nf6 19. Nf3 Nxe4 20. Qxe4 Rxc2 21. Ne1 Rc7
22. Bd2 Bb7 23. Qe2 Nf5 24. Kh2 h5 25. Rdc1 h4 26. g4 Ng3 27. Qf2 Nxf1+ 28.
Qxf1 Rxc1 29. Rxc1 Qd5 30. b3 e5 31. Qg2 Qd7 32. Qf2 Re8 33. Nf3 e4 34. dxe4
Rxe4 35. Nxh4 d3 36. Re1 Bd4 37. Qf1 Qe7 38. Ng2 Re2 39. Rxe2 dxe2 40. Qe1 Qe4
41. Qg3 Bd5 42. Be1 g5 43. Bd2 gxf4 44. Bxf4 0-1

[Event "Ontario op U2000"]
[Site "Toronto CAN"]
[Date "2010.05.24"]
[Round "5"]
[White "Itkin, Victor"]
[Black "Gillis, Doug"]
[Result "1/2-1/2"]
[WhiteElo "1873"]
[BlackElo "1633"]
[PlyCount "126"]
[EventDate "2010.05.22"]
[EventType "swiss"]
[EventRounds "6"]
[EventCountry "CAN"]

1. e4 e6 2. d4 d5 3. Nd2 dxe4 4. Nxe4 Qd5 5. Bd3 Nf6 6. Nxf6+ gxf6 7. Nf3 Rg8
8. Bf1 Nc6 9. Bf4 Bd6 10. Bxd6 cxd6 11. c3 e5 12. dxe5 Qe4+ 13. Qe2 Qxe2+ 14.
Bxe2 dxe5 15. g3 Bh3 16. O-O-O Ke7 17. Nd2 Be6 18. Rhe1 Rad8 19. h4 Bg4 20. f3
Bf5 21. g4 Bd3 22. Ne4 Bxe2 23. Rxe2 Rxd1+ 24. Kxd1 Rd8+ 25. Kc2 h6 26. b4 Rc8
27. Kb3 Rd8 28. Ng3 Rd3 29. Nf5+ Kf8 30. Nxh6 Rxf3 31. Re4 Nd4+ 32. Kb2 Rf2+
33. Ka3 Nf3 34. Nf5 Nd2 35. Re1 Nc4+ 36. Ka4 a6 37. b5 Nb6+ 38. Ka5 Nc4+ 39.
Kb4 axb5 40. Kxb5 Na3+ 41. Ka4 Nc4 42. Rb1 Rf4 43. Rxb7 Nd6+ 44. Rb4 Nxf5 45.
gxf5 e4 46. Kb3 Rxh4 47. a4 Rf4 48. Kc4 Rxf5 49. Kd4 Re5 50. Rb5 Re6 51. Ke3
Rc6 52. a5 Rxc3+ 53. Kxe4 Ra3 54. Kd5 Kg7 55. Kc6 Kg6 56. Kb7 f5 57. a6 Kg5 58.
a7 Kg4 59. Rb6 Rxa7+ 60. Kxa7 f4 61. Rf6 f3 62. Rxf7 Kg3 63. Rg7+ Kh2 1/2-1/2

[Event "PEI op"]
[Site "Charlottetown CAN"]
[Date "2010.11.15"]
[Round "3"]
[White "Banks, Anthony"]
[Black "McKim, Fred"]
[Result "0-1"]
[WhiteElo "2034"]
[BlackElo "1982"]
[PlyCount "78"]
[EventDate "2010.11.14"]
[EventType "swiss"]
[EventRounds "5"]
[EventCountry "CAN"]

1. e4 e5 2. Nf3 Nc6 3. Bb5 Bc5 4. c3 Nge7 5. d4 exd4 6. cxd4 Bb4+ 7. Nc3 d5 8.
Qb3 Bxc3+ 9. bxc3 O-O 10. O-O dxe4 11. Ng5 Na5 12. Qc2 a6 13. Be2 Bf5 14. Ba3
Re8 15. Nxe4 Nd5 16. Bd3 Bg6 17. Nd2 Nf4 18. Bxg6 hxg6 19. Rfe1 Qg5 20. g3 Nh3+
21. Kg2 Nf4+ 22. Kf1 Nd5 23. c4 Nf6 24. Be7 Qg4 25. d5 b5 26. Bxf6 gxf6 27.
cxb5 axb5 28. Qxc7 Rec8 29. Qb6 Nc4 30. Nxc4 Qxc4+ 31. Kg1 Qxd5 32. Rab1 Rxa2
33. Rxb5 Qd2 34. Rf1 Kg7 35. Rbb1 Rh8 36. Qe3 Qxe3 37. fxe3 Rhxh2 38. Rf3 Rhc2
39. Rbf1 Rg2+ 0-1

[Event "Paul Keres mem (35th)"]
[Site "Richmond CAN"]
[Date "2010.05.22"]
[Round "1.1"]
[White "Orlov, Georgi"]
[Black "Soliven, Joe"]
[Result "1-0"]
[WhiteElo "2546"]
[BlackElo "2040"]
[PlyCount "71"]
[EventDate "2010.05.22"]
[EventType "swiss"]
[EventRounds "6"]
[EventCountry "CAN"]

1. c4 Nf6 2. Nc3 c6 3. e4 d6 4. d4 e5 5. Nf3 Nbd7 6. g3 Be7 7. Bg2 Qa5 8. O-O
O-O 9. a3 c5 10. dxc5 dxc5 11. Be3 Re8 12. Nh4 Nf8 13. Nf5 Be6 14. Nd5 Nxd5 15.
cxd5 Bxf5 16. exf5 Red8 17. Qe2 Rab8 18. Rfc1 Nd7 19. b4 Qc7 20. bxc5 Bxc5 21.
f6 Qd6 22. fxg7 Rbc8 23. Bg5 f6 24. Bh6 f5 25. Qh5 Qg6 26. Qh4 Re8 27. d6 e4
28. Bf1 Qe6 29. Qh5 Ne5 30. Bh3 Nf3+ 31. Kh1 Nd4 32. Be3 Qxd6 33. Bxd4 Bxd4 34.
Bxf5 Kxg7 35. Bxc8 Rxc8 36. Qg4+ 1-0

[Event "Paul Keres mem (35th)"]
[Site "Richmond CAN"]
[Date "2010.05.22"]
[Round "1.2"]
[White "Tang, Edward"]
[Black "Rivas Pastor, Manuel"]
[Result "0-1"]
[WhiteElo "2038"]
[BlackElo "2536"]
[PlyCount "54"]
[EventDate "2010.05.22"]
[EventType "swiss"]
[EventRounds "6"]
[EventCountry "CAN"]

1. d4 d6 2. e4 Nf6 3. Nc3 c6 4. Nf3 Bg4 5. Be2 e6 6. O-O Be7 7. Ng5 Bxe2 8.
Qxe2 h6 9. Nxe6 fxe6 10. e5 Nd5 11. Qh5+ Kd7 12. Ne4 Qe8 13. Qe2 dxe5 14. dxe5
Kc8 15. c4 Nb6 16. a4 a5 17. Be3 N6d7 18. f4 Qg6 19. Bd4 Na6 20. Rad1 Nac5 21.
Nc3 b6 22. Rf3 Kb7 23. Kh1 Rhd8 24. Rdf1 Rf8 25. Rg3 Qf7 26. Qg4 g5 27. Rh3 Qg6
0-1

[Event "Paul Keres mem (35th)"]
[Site "Richmond CAN"]
[Date "2010.05.22"]
[Round "1.3"]
[White "Yoos, John"]
[Black "Ingram, Richard"]
[Result "1-0"]
[WhiteElo "2453"]
[BlackElo "2033"]
[PlyCount "51"]
[EventDate "2010.05.22"]
[EventType "swiss"]
[EventRounds "6"]
[EventCountry "CAN"]

1. e4 c6 2. d4 d5 3. e5 c5 4. dxc5 e6 5. Be3 Nh6 6. Nf3 Nf5 7. Bg5 Qc7 8. Bd3
Bxc5 9. Bxf5 exf5 10. O-O Be6 11. Nc3 h6 12. Bc1 Qd7 13. b3 Na6 14. a3 Rc8 15.
Qd3 O-O 16. b4 Be7 17. Nb5 Rc4 18. Nbd4 Rfc8 19. Bd2 g5 20. g3 Qc7 21. Nxf5
Bxf5 22. Qxf5 Re4 23. Rae1 Qc4 24. e6 fxe6 25. Qg6+ Kf8 26. Ne5 1-0

[Event "Paul Keres mem (35th)"]
[Site "Richmond CAN"]
[Date "2010.05.22"]
[Round "1.4"]
[White "Verdon, Norman"]
[Black "Rohonyan, Katerina"]
[Result "0-1"]
[WhiteElo "2032"]
[BlackElo "2329"]
[PlyCount "66"]
[EventDate "2010.05.22"]
[EventType "swiss"]
[EventRounds "6"]
[EventCountry "CAN"]

1. e4 c5 2. Nf3 Nc6 3. d4 cxd4 4. Nxd4 g6 5. Nxc6 bxc6 6. Qd4 Nf6 7. e5 Nd5 8.
Bc4 Bg7 9. Bxd5 cxd5 10. Nc3 d6 11. Qxd5 Be6 12. Qc6+ Bd7 13. Qe4 Bxe5 14. Bf4
Bxc3+ 15. bxc3 O-O 16. Bh6 Bf5 17. Qa4 Re8 18. Rd1 Qb6 19. O-O Qc5 20. g4 Be6
21. Rd4 Qxc3 22. Bd2 Qb2 23. a3 Rec8 24. Rc1 Rc3 25. Qb4 Rxc2 26. Qxb2 Rxb2 27.
Rc7 Kf8 28. Bg5 f6 29. Bh6+ Kf7 30. Bc1 Rb1 31. h3 Rc8 32. Rdc4 Bxc4 33. Rxc8
Rxc1+ 0-1

[Event "Paul Keres mem (35th)"]
[Site "Richmond CAN"]
[Date "2010.05.22"]
[Round "1.5"]
[White "Roua, Radu Laurentiu"]
[Black "Lane, Travis"]
[Result "1-0"]
[WhiteElo "2263"]
[BlackElo "2021"]
[PlyCount "43"]
[EventDate "2010.05.22"]
[EventType "swiss"]
[EventRounds "6"]
[EventCountry "CAN"]

1. c3 Nf6 2. d4 g6 3. Nd2 d5 4. Ngf3 Bg7 5. e3 O-O 6. Bd3 Nc6 7. Qe2 Re8 8. Ne5
Nxe5 9. dxe5 Ng4 10. f4 c5 11. h3 Nh6 12. e4 f6 13. exd5 fxe5 14. fxe5 e6 15.
d6 Qh4+ 16. Kd1 Nf5 17. Re1 Bd7 18. Qg4 Qf2 19. Ne4 Qh4 20. Bg5 Qxg4+ 21. hxg4
h6 22. Bf6 1-0

[Event "Paul Keres mem (35th)"]
[Site "Richmond CAN"]
[Date "2010.05.22"]
[Round "1.6"]
[White "Kong, Dezheng"]
[Black "Jiganchine, Roman"]
[Result "1/2-1/2"]
[WhiteElo "2014"]
[BlackElo "2254"]
[PlyCount "81"]
[EventDate "2010.05.22"]
[EventType "swiss"]
[EventRounds "6"]
[EventCountry "CAN"]

1. c4 c6 2. Nf3 d5 3. g3 Nf6 4. Bg2 Bf5 5. cxd5 cxd5 6. Qb3 Qb6 7. Qxb6 axb6 8.
Nc3 Bd7 9. Ne5 e6 10. Nxd7 Kxd7 11. d3 Nc6 12. O-O Bc5 13. Bd2 Rhc8 14. e4 dxe4
15. dxe4 Ng4 16. h3 Nge5 17. Rad1 Ke8 18. a3 Nc4 19. Bc1 N6e5 20. b4 Be7 21. f4
Nc6 22. Nb5 Na7 23. Nxa7 Rxa7 24. Rf3 b5 25. Bf1 Raa8 26. Rc3 Nd6 27. Rxc8+
Rxc8 28. e5 Nc4 29. Kf2 Bd8 30. Kf3 Bb6 31. Be2 Ke7 32. Bd3 Ra8 33. Be4 Nxa3
34. Bxb7 Ra7 35. Be4 Nc4 36. Bc6 Na3 37. Bxa3 Rxa3+ 38. Kg4 f5+ 39. exf6+ Kxf6
40. Bxb5 Rb3 41. Rd3 1/2-1/2